[Event "Region_73_A_2025"]
[Site "Ulyanovsk"]
[Date "2025.01.04"]
[Round "1.1"]
[White "Alachihin, Vladimir"]
[Black "Mirzaev, Aziz"]
[Result "1/2-1/2"]
[WhiteElo "2322"]
[BlackElo "2387"]
[PlyCount "97"]
[EventDate "2025.01.04"]

1. d4 e6 2. c4 b6 3. Nf3 Bb7 4. g3 Bb4+ 5. Bd2 Bxf3 6. exf3 Bxd2+ 7. Qxd2 d5 8.
cxd5 exd5 9. Nc3 Ne7 10. Bd3 O-O 11. O-O Nd7 12. Rfe1 c6 13. Rac1 Nf6 14. Bb1
Re8 15. Ne2 Qd6 16. Qc3 Rac8 17. Nf4 g6 18. Nd3 Nd7 19. f4 f6 20. h4 Kf7 21.
Red1 h5 22. Ne1 Qe6 23. Nf3 Qg4 24. Nh2 Qe6 25. Re1 Qd6 26. Qf3 f5 27. Qb3 Nf8
28. Nf3 Ne6 29. Re5 Ng7 30. Re3 Ng8 31. Ne5+ Kf8 32. Rec3 Ne7 33. Qa4 b5 34.
Qxa7 Rc7 35. Qa5 Ne6 36. Nf3 Ng8 37. Re3 Nf6 38. Qd2 Ne4 39. Bxe4 dxe4 40. Ne5
Nxd4 41. Qc3 c5 42. Kg2 b4 43. Qc4 Qe6 44. a3 bxa3 45. Rxa3 Qxc4 46. Rxc4 Rb7
47. Rac3 Re6 48. b3 Kg7 49. Ra4 1/2-1/2

[Event "Region_73_A_2025"]
[Site "Ulyanovsk"]
[Date "2025.01.04"]
[Round "1.2"]
[White "Tuturin, Sergey"]
[Black "Chechevitsyn, Stepan"]
[Result "1-0"]
[WhiteElo "2181"]
[BlackElo "1566"]
[PlyCount "81"]
[EventDate "2025.01.04"]

1. d4 Nf6 2. Bg5 d5 3. e3 Ne4 4. Bf4 c5 5. f3 Nf6 6. Nc3 a6 7. Qd2 Nc6 8. Nge2
e6 9. g4 Qa5 10. Bg2 cxd4 11. exd4 b5 12. Nd1 Bb4 13. c3 Be7 14. O-O b4 15. Qd3
Qb6 16. cxb4 Nxb4 17. Qd2 Bd7 18. Ndc3 a5 19. g5 Nh5 20. Be3 g6 21. Nf4 Nxf4
22. Bxf4 Nc6 23. Kh1 O-O 24. Rfe1 Bb4 25. Rad1 a4 26. a3 Be7 27. Bh3 Rfd8 28.
Qf2 Bf8 29. Rd2 Na5 30. Bf1 Nb3 31. Rdd1 Bg7 32. Qg3 Bxd4 33. Rxd4 Nxd4 34. Be3
Nf5 35. Bxb6 Nxg3+ 36. hxg3 Rdc8 37. Bd4 Rab8 38. Bd3 Kf8 39. Re2 Rb3 40. Be5
Rc5 41. Bd6+ 1-0

[Event "Region_73_A_2025"]
[Site "Ulyanovsk"]
[Date "2025.01.04"]
[Round "1.3"]
[White "Olisov, Andrey"]
[Black "Beldyugin, Alexey"]
[Result "1-0"]
[WhiteElo "2217"]
[BlackElo "2186"]
[PlyCount "147"]
[EventDate "2025.01.04"]

1. e4 d6 2. d4 Nf6 3. Nc3 g6 4. Nf3 Bg7 5. Be3 c6 6. Qd2 Qa5 7. Bd3 Na6 8. O-O
Bg4 9. e5 Nd7 10. exd6 Bxf3 11. gxf3 exd6 12. b4 Qh5 13. Ne4 O-O 14. Kg2 d5 15.
Ng3 Qh4 16. c3 Qd8 17. Bg5 f6 18. Bf4 Nc7 19. Rae1 Nb6 20. h4 Nc4 21. Bxc4 dxc4
22. Qe2 Nd5 23. Qxc4 b5 24. Qb3 a5 25. Bd2 axb4 26. cxb4 f5 27. Re6 Qd7 28.
Rfe1 Rfe8 29. Rxe8+ Rxe8 30. Rxe8+ Qxe8 31. a4 bxa4 32. Qxa4 Bxd4 33. b5 c5 34.
Qa7 Qd8 35. h5 Qd6 36. h6 Nb6 37. Ne2 Bf6 38. Bf4 Qe6 39. Be3 Nd7 40. Nf4 Qd6
41. Qa2+ Kf8 42. Qc4 Be5 43. Ne6+ Ke8 44. Nxc5 Nf6 45. Qe6+ Qxe6 46. Nxe6 Kd7
47. Ng5 f4 48. Bc5 Ke8 49. b6 Ng8 50. b7 Bb8 51. Ne4 Nxh6 52. Bd6 Ba7 53. b8=Q+
Bxb8 54. Bxb8 Kf8 55. Bxf4 Nf5 56. Nd6 Nd4 57. Be5 Ne6 58. Bf6 Nf4+ 59. Kh2 Nd5
60. Bg5 Kg7 61. Kg3 Nc3 62. Kf4 h6 63. Bd8 Nd5+ 64. Ke5 Nb4 65. Bf6+ Kh7 66.
Kd4 Nc2+ 67. Kd3 Ne1+ 68. Ke4 Nc2 69. Bc3 h5 70. Kd3 Na3 71. Bb4 h4 72. Bxa3 h3
73. Ne4 h2 74. Ng3 1-0

[Event "Region_73_A_2025"]
[Site "Ulyanovsk"]
[Date "2025.01.04"]
[Round "1.4"]
[White "Pavlovski, Yaroslav"]
[Black "Markelov, Aleksey"]
[Result "1-0"]
[WhiteElo "2191"]
[BlackElo "1835"]
[PlyCount "81"]
[EventDate "2025.01.04"]

1. e4 c6 2. d4 d5 3. Nd2 dxe4 4. Nxe4 Nd7 5. Nf3 Ngf6 6. Nxf6+ Nxf6 7. Bc4 Bf5
8. Ne5 e6 9. g4 Bg6 10. h4 Bd6 11. Qe2 Qc7 12. h5 Be4 13. Rh3 h6 14. f3 Bd5 15.
Bd3 c5 16. c4 Bc6 17. Nxc6 bxc6 18. dxc5 Bxc5 19. Bd2 Bd4 20. Rb1 a5 21. f4 Rd8
22. Kf1 Bb6 23. Kg2 Qd6 24. Rf1 Nd7 25. Bc3 Bd4 26. Bxa5 Ra8 27. b4 Kf8 28. c5
Qe7 29. Qe4 Rxa5 30. bxa5 Qxc5 31. a6 Nf6 32. Qf3 Ke7 33. Rb1 Rd8 34. Rhh1 Be3
35. Rb7+ Ke8 36. a7 Nd5 37. Be4 Nxf4+ 38. Kg3 Qe5 39. Rd1 Nxh5+ 40. Kh3 Nf4+
41. Qxf4 1-0

[Event "Region_73_A_2025"]
[Site "Ulyanovsk"]
[Date "2025.01.04"]
[Round "2.1"]
[White "Mirzaev, Aziz"]
[Black "Markelov, Aleksey"]
[Result "1-0"]
[WhiteElo "2387"]
[BlackElo "1835"]
[PlyCount "127"]
[EventDate "2025.01.04"]

1. c4 e5 2. g3 Nf6 3. Bg2 d6 4. Nc3 g6 5. Nf3 Bg7 6. O-O O-O 7. d4 Nbd7 8. Qc2
c6 9. Rd1 Qc7 10. b3 Re8 11. e4 Nf8 12. Ba3 Bg4 13. d5 Rad8 14. h3 Bc8 15. Qb2
h6 16. Rac1 N6h7 17. Qd2 Qa5 18. Qb2 Qc7 19. dxc6 bxc6 20. Qd2 c5 21. Nb5 Qc6
22. Nxa7 Qa6 23. Nb5 Bd7 24. Bb2 Bxb5 25. cxb5 Qxb5 26. Bf1 Qb7 27. Qc2 Nf6 28.
Re1 Ne6 29. Bc4 Nd4 30. Bxd4 exd4 31. Bd3 Nd7 32. a4 Re7 33. a5 Ra8 34. Ra1 Be5
35. Ra4 Nb8 36. Nxe5 Rxe5 37. b4 cxb4 38. Rb1 Nc6 39. a6 Qb6 40. Bc4 Rc5 41.
Qa2 Ra7 42. Bd5 Rb5 43. Qd2 Rxa6 44. Qxh6 Ne5 45. Rxa6 Qxa6 46. Kg2 b3 47. Qd2
Qb6 48. f4 Nd7 49. f5 Rxd5 50. exd5 Qc5 51. fxg6 Qxd5+ 52. Kh2 fxg6 53. Qd3 Kg7
54. Qxb3 Qf5 55. Rb2 Ne5 56. Qb7+ Kh6 57. Kg2 Nd3 58. Re2 Ne5 59. Qe4 d3 60.
Qxf5 gxf5 61. Ra2 Kg5 62. Ra4 d2 63. Rd4 Nc4 64. Kf2 1-0

[Event "Region_73_A_2025"]
[Site "Ulyanovsk"]
[Date "2025.01.04"]
[Round "2.2"]
[White "Beldyugin, Alexey"]
[Black "Pavlovski, Yaroslav"]
[Result "1/2-1/2"]
[WhiteElo "2186"]
[BlackElo "2191"]
[PlyCount "131"]
[EventDate "2025.01.04"]

1. c4 g6 2. g3 c5 3. Bg2 Bg7 4. Nc3 Nc6 5. d3 e6 6. Nh3 Nge7 7. Nf4 b6 8. O-O
Bb7 9. Bd2 Rb8 10. a3 O-O 11. b4 d6 12. Rb1 Nd4 13. e4 Qd7 14. Re1 Rfd8 15. h4
Nec6 16. Nfe2 Ne5 17. Nf4 f5 18. Be3 Ng4 19. Qd2 Rf8 20. Rf1 fxe4 21. Nxe4 Nxe3
22. fxe3 Nf5 23. Kh2 Bh6 24. Rbe1 Qe7 25. Nc3 e5 26. Bxb7 Rxb7 27. Nfd5 Qe6 28.
Rf2 Rbf7 29. Ref1 Nd4 30. Kg2 Nf5 31. Qe2 cxb4 32. axb4 Kg7 33. b5 Ne7 34.
Rxf7+ Rxf7 35. Rxf7+ Kxf7 36. Qf3+ Kg7 37. Nxe7 Qxe7 38. Qc6 g5 39. Nd5 Qe6 40.
Qb7+ Kg6 41. h5+ Kxh5 42. Qxh7 g4 43. e4 Qg6 44. Qxg6+ Kxg6 45. Ne7+ Kf6 46.
Nc8 Ke6 47. Nxa7 Be3 48. Nc6 Bc5 49. Kf1 Kf6 50. Ke1 Ke6 51. Ke2 Kf6 52. Nb8
Ke6 53. Na6 Kd7 54. Nb8+ Ke6 55. Nc6 Kf6 56. Kf1 Ke6 57. Nd8+ Ke7 58. Nc6+ Ke6
59. Ke1 Kf6 60. Kf1 Ke6 61. Ke2 Kf6 62. Nb8 Ke6 63. Na6 Kd7 64. Nxc5+ dxc5 65.
Ke3 Kd6 66. Ke2 1/2-1/2

[Event "Region_73_A_2025"]
[Site "Ulyanovsk"]
[Date "2025.01.04"]
[Round "2.3"]
[White "Chechevitsyn, Stepan"]
[Black "Olisov, Andrey"]
[Result "0-1"]
[WhiteElo "1566"]
[BlackElo "2217"]
[PlyCount "104"]
[EventDate "2025.01.04"]

1. e4 e6 2. d4 d5 3. Nc3 Nf6 4. Bg5 dxe4 5. Nxe4 Nbd7 6. Nf3 h6 7. Bxf6 Nxf6 8.
Nxf6+ Qxf6 9. Ne5 Bd6 10. Nc4 Be7 11. Be2 O-O 12. c3 Rd8 13. Qb3 c5 14. dxc5
Qg5 15. O-O Qxc5 16. Rad1 b6 17. Bf3 Ba6 18. Bxa8 Rxa8 19. Ne3 Bxf1 20. Kxf1 b5
21. Rd7 Bg5 22. Qd1 Rf8 23. Qd3 a5 24. Nc2 Rc8 25. Qd4 b4 26. Qxc5 Rxc5 27. Rd3
Bc1 28. Nd4 Bxb2 29. Nb3 Rc8 30. cxb4 axb4 31. Rd2 Bc3 32. Rc2 Ra8 33. Ke2 f5
34. Nc5 Kf7 35. Nd3 g5 36. f3 h5 37. Kf2 g4 38. Ke2 Kf6 39. Ke3 gxf3 40. gxf3
e5 41. f4 e4 42. Ne5 Rd8 43. Nc4 Rd3+ 44. Ke2 Rh3 45. Kd1 Rf3 46. Nb6 Ke6 47.
Na4 Kd5 48. Nxc3+ bxc3 49. a4 Kc4 50. a5 Rf1+ 51. Ke2 Ra1 52. Ke3 Kb3 0-1

[Event "Region_73_A_2025"]
[Site "Ulyanovsk"]
[Date "2025.01.04"]
[Round "2.4"]
[White "Alachihin, Vladimir"]
[Black "Tuturin, Sergey"]
[Result "1-0"]
[WhiteElo "2322"]
[BlackElo "2181"]
[PlyCount "87"]
[EventDate "2025.01.04"]

1. d4 e6 2. Nf3 f5 3. g3 Nf6 4. Bg2 d5 5. O-O Bd6 6. c4 c6 7. b3 Qe7 8. a4 Ne4
9. Ba3 Bxa3 10. Nxa3 Nd7 11. Nc2 a5 12. Nce1 O-O 13. Nd3 b6 14. Nfe5 Bb7 15.
Rc1 Nxe5 16. Nxe5 Nf6 17. c5 bxc5 18. Rxc5 Nd7 19. Nxd7 Qxd7 20. Qd2 Qc7 21.
Rfc1 f4 22. e3 f3 23. Bf1 Qb6 24. R1c3 Rae8 25. Rc2 e5 26. dxe5 Rxe5 27. Qxa5
Qxb3 28. Qc3 Qxc3 29. R2xc3 Ra8 30. Rb3 Re7 31. a5 Ba6 32. Bxa6 Rxa6 33. g4 g6
34. h3 h5 35. Rb6 Raa7 36. Rbxc6 Kf7 37. Rxd5 hxg4 38. hxg4 Re4 39. Rg5 Ra4 40.
Rcxg6 R7xa5 41. Rxa5 Rxa5 42. Rd6 Ra2 43. Rd5 Kg6 44. Rf5 1-0

[Event "Region_73_A_2025"]
[Site "Ulyanovsk"]
[Date "2025.01.05"]
[Round "3.1"]
[White "Tuturin, Sergey"]
[Black "Mirzaev, Aziz"]
[Result "0-1"]
[WhiteElo "2181"]
[BlackElo "2387"]
[PlyCount "34"]
[EventDate "2025.01.05"]

1. d4 Nf6 2. Bg5 c5 3. d5 Qb6 4. Nc3 Qxb2 5. Bd2 Qb6 6. e4 d6 7. f4 Qd8 8. Rb1
a6 9. a4 e6 10. Bc4 Be7 11. dxe6 Bxe6 12. Bxe6 fxe6 13. e5 dxe5 14. fxe5 Nd5
15. Rxb7 Nc6 16. Nf3 Nxc3 17. Bxc3 Qxd1+ 0-1

[Event "Region_73_A_2025"]
[Site "Ulyanovsk"]
[Date "2025.01.05"]
[Round "3.2"]
[White "Olisov, Andrey"]
[Black "Alachihin, Vladimir"]
[Result "1-0"]
[WhiteElo "2217"]
[BlackElo "2322"]
[PlyCount "147"]
[EventDate "2025.01.05"]

1. e4 e5 2. Nf3 Nf6 3. Nc3 d6 4. d4 Nbd7 5. h3 Be7 6. g4 O-O 7. Bg2 c6 8. a4 b6
9. O-O a6 10. Qe2 Bb7 11. Rd1 Qc7 12. g5 Nh5 13. Nxe5 dxe5 14. Qxh5 exd4 15.
Rxd4 Nc5 16. Be3 Ne6 17. Rd2 Rad8 18. Rad1 Rxd2 19. Rxd2 Nf4 20. Qg4 Nxg2 21.
Kxg2 Bc8 22. Qg3 Qb7 23. Ne2 f5 24. Qe5 fxe4 25. Ng3 Rf7 26. Kh2 c5 27. c4 Qc6
28. b3 b5 29. axb5 axb5 30. Qxe4 Qa6 31. f4 Bb7 32. Qe5 bxc4 33. Bxc5 Bxc5 34.
Qxc5 Rf8 35. Qxc4+ Qxc4 36. bxc4 Ba6 37. c5 Rxf4 38. Rd8+ Kf7 39. Rd7+ Kf8 40.
c6 Bb5 41. Rd8+ Kf7 42. c7 Ba6 43. c8=Q Bxc8 44. Rxc8 Kg6 45. Rc5 Ra4 46. Kg2
Rb4 47. Re5 Ra4 48. Ne2 Kh5 49. Ng1 Ra7 50. Kg3 Ra3+ 51. Nf3 Ra7 52. Rf5 Kg6
53. Rb5 Kh5 54. Rd5 Rb7 55. h4 Rb4 56. Rd4 Rb7 57. Rf4 Ra7 58. Kf2 Rb7 59. Nd4
Rb4 60. Kf3 g6 61. Ne6 Rb3+ 62. Ke4 Rb7 63. Ke5 Ra7 64. Kf6 Ra6 65. Kf7 Ra7+
66. Kg8 Ra8+ 67. Kxh7 Rh8+ 68. Kg7 Rh7+ 69. Kf6 Rf7+ 70. Ke5 Re7 71. Rf1 Kxh4
72. Kf6 Re8 73. Rf4+ Kg3 74. Ra4 1-0

[Event "Region_73_A_2025"]
[Site "Ulyanovsk"]
[Date "2025.01.05"]
[Round "3.3"]
[White "Pavlovski, Yaroslav"]
[Black "Chechevitsyn, Stepan"]
[Result "1-0"]
[WhiteElo "2191"]
[BlackElo "1566"]
[PlyCount "45"]
[EventDate "2025.01.05"]

1. e4 c5 2. Nf3 d6 3. Bb5+ Nd7 4. O-O Ngf6 5. Re1 a6 6. Bf1 Qc7 7. c3 e6 8. d4
Be7 9. Bg5 h6 10. Bh4 d5 11. exd5 Nxd5 12. Bxe7 Kxe7 13. c4 Nf4 14. g3 Ng6 15.
Nc3 Nf6 16. Ne5 Nxe5 17. dxe5 Nd7 18. Qg4 b6 19. Qxg7 Bb7 20. Nd5+ Bxd5 21.
cxd5 Nxe5 22. Rxe5 Rag8 23. Rxe6+ 1-0

[Event "Region_73_A_2025"]
[Site "Ulyanovsk"]
[Date "2025.01.05"]
[Round "3.4"]
[White "Markelov, Aleksey"]
[Black "Beldyugin, Alexey"]
[Result "0-1"]
[WhiteElo "1835"]
[BlackElo "2186"]
[PlyCount "118"]
[EventDate "2025.01.05"]

1. e4 d5 2. exd5 Qxd5 3. d4 e5 4. Nf3 Nc6 5. dxe5 Qxd1+ 6. Kxd1 Bg4 7. Bg5 Be7
8. Bxe7 Ngxe7 9. Nbd2 O-O-O 10. Kc1 Ng6 11. Bb5 Ncxe5 12. Nxe5 Nxe5 13. Re1 Rd5
14. Be2 Rhd8 15. Bxg4+ Nxg4 16. Re2 Nxh2 17. c4 Rd4 18. Kc2 Ng4 19. Rh1 h6 20.
b3 Ne5 21. Kc3 Rd3+ 22. Kc2 Nc6 23. a3 R3d6 24. Nf3 Rg6 25. Rg1 a5 26. Kc3 b6
27. Re3 Kb7 28. b4 axb4+ 29. axb4 Rg4 30. g3 Ra8 31. Kb3 b5 32. Ne5 Nxe5 33.
Rxe5 bxc4+ 34. Kb2 Rd8 35. Kc2 Rgd4 36. Rf5 f6 37. Re1 R8d5 38. Rxd5 Rxd5 39.
Re7 g5 40. Rh7 Rf5 41. f4 gxf4 42. gxf4 Rxf4 43. Rxh6 Kb6 44. Rh8 c5 45. Kc3
Rf3+ 46. Kxc4 Rf4+ 47. Kb3 Rxb4+ 48. Kc3 Kc6 49. Rf8 Rf4 50. Rd8 Re4 51. Rf8
Re6 52. Kc4 Kd6 53. Rd8+ Ke7 54. Rd5 Re5 55. Rd1 f5 56. Rg1 Kf6 57. Rg8 f4 58.
Kd3 Kf5 59. Rg7 f3 0-1

[Event "Region_73_A_2025"]
[Site "Ulyanovsk"]
[Date "2025.01.05"]
[Round "4.1"]
[White "Mirzaev, Aziz"]
[Black "Beldyugin, Alexey"]
[Result "1-0"]
[WhiteElo "2387"]
[BlackElo "2186"]
[PlyCount "41"]
[EventDate "2025.01.05"]

1. e4 d6 2. d4 Nf6 3. Nc3 g6 4. Be3 Bg7 5. Qd2 c6 6. f3 Qa5 7. a3 Nbd7 8. g4 h5
9. g5 Nh7 10. f4 Nhf8 11. Nf3 c5 12. O-O-O Ne6 13. Bc4 Nb6 14. Ba2 cxd4 15.
Nxd4 O-O 16. f5 Nxd4 17. Bxd4 Kh7 18. Bxg7 Kxg7 19. f6+ exf6 20. gxf6+ Kxf6 21.
Nd5+ 1-0

[Event "Region_73_A_2025"]
[Site "Ulyanovsk"]
[Date "2025.01.05"]
[Round "4.2"]
[White "Chechevitsyn, Stepan"]
[Black "Markelov, Aleksey"]
[Result "0-1"]
[WhiteElo "1566"]
[BlackElo "1835"]
[PlyCount "56"]
[EventDate "2025.01.05"]

1. e4 c5 2. Nf3 d6 3. d4 cxd4 4. Nxd4 Nf6 5. Nc3 a6 6. Bc4 e6 7. a4 Qc7 8. Bb3
Nbd7 9. Bg5 Nc5 10. Qf3 Be7 11. O-O-O Bd7 12. Rhe1 O-O 13. Kb1 Nxb3 14. Nxb3 b5
15. a5 h6 16. Be3 Bc6 17. Bb6 Qb7 18. Nd4 Nd7 19. Nxc6 Qxc6 20. Nd5 Bg5 21. Nc7
Nxb6 22. axb6 Rac8 23. e5 d5 24. Qc3 Qxb6 25. Nxd5 exd5 26. Qd3 Rfd8 27. e6
fxe6 28. Qg6 Bf6 0-1

[Event "Region_73_A_2025"]
[Site "Ulyanovsk"]
[Date "2025.01.05"]
[Round "4.3"]
[White "Alachihin, Vladimir"]
[Black "Pavlovski, Yaroslav"]
[Result "0-1"]
[WhiteElo "2322"]
[BlackElo "2191"]
[PlyCount "38"]
[EventDate "2025.01.05"]

1. d4 d5 2. Nf3 Nf6 3. c4 c6 4. e3 a6 5. Nc3 b5 6. b3 Bg4 7. h3 Bxf3 8. Qxf3 e5 9. c5
Nbd7 10. Be2 g6 11. Bd2 Bg7 12. O-O-O O-O 13. Be1 Re8 14. g4 exd4 15. exd4 Ne4
16. Kc2 Ng5 17. Qd3 Ne6 18. b4 Nxd4+ 19. Kb1 a5 0-1

[Event "Region_73_A_2025"]
[Site "Ulyanovsk"]
[Date "2025.01.05"]
[Round "4.4"]
[White "Tuturin, Sergey"]
[Black "Olisov, Andrey"]
[Result "0-1"]
[WhiteElo "2181"]
[BlackElo "2217"]
[PlyCount "84"]
[EventDate "2025.01.05"]

1. d4 e6 2. e4 d5 3. exd5 exd5 4. Nf3 Nc6 5. Bd3 Nb4 6. Be2 Bf5 7. Na3 Nc6 8.
O-O Bxa3 9. bxa3 Nge7 10. c4 O-O 11. Bg5 dxc4 12. Bxc4 Qd6 13. Qd2 Be4 14. Ne5
Bd5 15. Rfe1 Ng6 16. Bxd5 Qxd5 17. Nxc6 Qxc6 18. Rac1 Qd7 19. a4 h6 20. Be3 c6
21. a5 Ne7 22. f3 Nd5 23. Bf2 Rfe8 24. Re4 Nf6 25. Rxe8+ Rxe8 26. a6 b6 27. Qc2
Re6 28. a4 Nd5 29. Re1 Rxe1+ 30. Bxe1 Nc7 31. Qd3 Qc8 32. Bg3 Nxa6 33. Qc4 Qb7
34. Qe2 Nb4 35. Qe8+ Kh7 36. Qe4+ g6 37. Qe8 Nd5 38. Bd6 a5 39. h4 h5 40. g4
hxg4 41. f4 Nf6 42. Be7 Nxe8 0-1

[Event "Region_73_A_2025"]
[Site "Ulyanovsk"]
[Date "2025.01.06"]
[Round "5.1"]
[White "Olisov, Andrey"]
[Black "Mirzaev, Aziz"]
[Result "1-0"]
[WhiteElo "2217"]
[BlackElo "2387"]
[PlyCount "95"]
[EventDate "2025.01.06"]

1. e4 c5 2. Nf3 Nc6 3. Bb5 g6 4. O-O Bg7 5. Re1 e5 6. Bxc6 dxc6 7. d3 Qe7 8. a4
Nf6 9. a5 Nd7 10. Nbd2 Nf8 11. Nc4 Bg4 12. h3 Bxf3 13. Qxf3 Ne6 14. Be3 O-O 15.
Qg3 Qc7 16. f3 b5 17. axb6 axb6 18. Qf2 h5 19. Nd2 Nd4 20. Nb3 Ne6 21. Rxa8
Rxa8 22. Qf1 Nd4 23. Nxd4 cxd4 24. Bd2 Ra2 25. Ra1 Rxb2 26. Qc1 Rb5 27. Ra8+
Kh7 28. Qa3 Rb1+ 29. Kh2 Qd7 30. Qa2 Rd1 31. Bg5 Qe6 32. Qxe6 fxe6 33. Ra7 Kg8
34. Re7 Rb1 35. Rxe6 c5 36. Rxg6 Kf7 37. Rc6 Bf8 38. h4 Rb2 39. g4 Rxc2+ 40.
Kg3 hxg4 41. Kxg4 c4 42. dxc4 d3 43. Kf5 Bc5 44. Rc7+ Ke8 45. Ke6 Kf8 46. Bf6
Kg8 47. Rg7+ Kh8 48. Kf7 1-0

[Event "Region_73_A_2025"]
[Site "Ulyanovsk"]
[Date "2025.01.06"]
[Round "5.2"]
[White "Pavlovski, Yaroslav"]
[Black "Tuturin, Sergey"]
[Result "1-0"]
[WhiteElo "2191"]
[BlackElo "2181"]
[PlyCount "35"]
[EventDate "2025.01.06"]

1. e4 e6 2. d4 d5 3. Nc3 Bb4 4. e5 c5 5. a3 Ba5 6. b4 cxd4 7. Qg4 Ne7 8. Qxg7
Rg8 9. Qxh7 Bc7 10. Nb5 Bxe5 11. Nf3 Bf6 12. Bf4 Rg7 13. Qh8+ Ng8 14. Nc7+ Ke7
15. Qh5 d3 16. O-O-O dxc2 17. Re1 Bc3 18. Nxd5+ 1-0

[Event "Region_73_A_2025"]
[Site "Ulyanovsk"]
[Date "2025.01.06"]
[Round "6.3"]
[White "Markelov, Aleksey"]
[Black "Alachihin, Vladimir"]
[Result "1/2-1/2"]
[WhiteElo "1835"]
[BlackElo "2322"]
[PlyCount "149"]
[EventDate "2025.01.06"]

1. d4 Nf6 2. c4 e6 3. Nc3 Bb4 4. f3 c5 5. a3 Bxc3+ 6. bxc3 Nc6 7. e4 O-O 8. Be3
Qa5 9. Qd2 e5 10. d5 Ne7 11. Bd3 Ng6 12. Ne2 d6 13. O-O Qa4 14. Qa2 Nh5 15. Qd2
b6 16. g4 Nf6 17. Bg5 Ne8 18. Ng3 f6 19. Be3 Ba6 20. Qe2 Nh8 21. Kh1 Nf7 22.
Rg1 g6 23. h4 Ng7 24. h5 g5 25. Rgb1 Nd8 26. Nf1 Nb7 27. Nd2 Na5 28. Rb2 Ne8
29. Qf1 Nc7 30. Bc2 Qd7 31. a4 Rfb8 32. Bd3 Rb7 33. Kg2 h6 34. Kg3 Qe8 35. Qe2
Kg7 36. Kg2 Rbb8 37. Kf2 Bc8 38. Qd1 Bd7 39. Qc2 Rb7 40. Be2 Qc8 41. Qd1 Be8
42. Qc2 Na6 43. Kg2 Re7 44. Nf1 Bd7 45. Bd2 Kh8 46. Ne3 Nc7 47. Kf2 Ne8 48. Qb1
Ng7 49. Qh1 Kg8 50. Qb1 Kf8 51. Qc2 Ke8 52. Bd3 Kd8 53. Qd1 Kc7 54. Nf1 Qf8 55.
Ng3 Qf7 56. Kg2 Rf8 57. Qe2 Qe8 58. Bc2 Bc8 59. Bd3 Ba6 60. Rbb1 Qf7 61. Rb2
Bc8 62. Qf1 Bd7 63. Bc2 Qe8 64. Rbb1 Qc8 65. Qe2 Be8 66. Rb2 Bf7 67. Bd3 Qa6
68. Rbb1 Nb7 69. Qf1 Be8 70. Rb2 Na5 71. Qe2 Bd7 72. Rbb1 Qc8 73. Ra2 Qe8 74.
Bc2 Bc8 75. Bd3 1/2-1/2

[Event "Region_73_A_2025"]
[Site "Ulyanovsk"]
[Date "2025.01.06"]
[Round "5.4"]
[White "Beldyugin, Alexey"]
[Black "Chechevitsyn, Stepan"]
[Result "1-0"]
[WhiteElo "2186"]
[BlackElo "1566"]
[PlyCount "85"]
[EventDate "2025.01.06"]

1. b3 c5 2. Bb2 Nc6 3. c4 Nf6 4. Bxf6 exf6 5. Nc3 g6 6. g3 Bg7 7. Bg2 O-O 8. e3
Nb4 9. d3 d6 10. a3 Nc6 11. Nge2 f5 12. O-O Be6 13. Rb1 Qa5 14. Nb5 Rfd8 15.
Qe1 Qb6 16. Qd2 d5 17. Nf4 d4 18. b4 cxb4 19. exd4 Nxd4 20. Rxb4 Bf8 21. Rb2
Rab8 22. Nxe6 fxe6 23. Re1 Bg7 24. a4 Nf3+ 25. Bxf3 Bxb2 26. a5 Qc5 27. Qxb2 a6
28. Re5 Qf8 29. Nd4 Qf6 30. Nxe6 Rxd3 31. Bd5 Kh8 32. Re2 Qxb2 33. Rxb2 Ra3 34.
Rxb7 Rxb7 35. Bxb7 Rxa5 36. c5 Ra1+ 37. Kg2 a5 38. c6 Rc1 39. c7 a4 40. c8=Q+
Rxc8 41. Bxc8 a3 42. Nd4 a2 43. Nc2 1-0

[Event "Region_73_A_2025"]
[Site "Ulyanovsk"]
[Date "2025.01.07"]
[Round "6.1"]
[White "Mirzaev, Aziz"]
[Black "Chechevitsyn, Stepan"]
[Result "1-0"]
[WhiteElo "2387"]
[BlackElo "1566"]
[PlyCount "85"]
[EventDate "2025.01.07"]

1. f4 d5 2. Nf3 c5 3. g3 Nc6 4. Bg2 Bf5 5. O-O e6 6. d3 Nf6 7. c3 Be7 8. Nh4
Qc7 9. Nd2 Rc8 10. Qe1 d4 11. a4 Nd5 12. Nxf5 exf5 13. Nc4 O-O 14. Bd2 Rfe8 15.
Bf3 Bf6 16. Ra3 b6 17. Rb3 Ne3 18. Bxe3 dxe3 19. Qa1 Rb8 20. Kh1 h6 21. Qc1 Na5
22. Nxa5 bxa5 23. Qc2 Rxb3 24. Qxb3 Rb8 25. Qa3 Qb6 26. Rb1 Qb3 27. Qxc5 Qxa4
28. Qxa7 Rxb2 29. Rxb2 Qa1+ 30. Kg2 Qxb2 31. Qa8+ Kh7 32. Qxa5 Qxc3 33. Qxf5+
Kg8 34. Qd7 Qc5 35. Qe8+ Qf8 36. Qxe3 Qe7 37. Qb6 Qd8 38. Qb3 Bd4 39. h4 Qe7
40. Be4 Bf6 41. h5 Qd6 42. Kf3 Qc5 43. Qb8+ 1-0

[Event "Region_73_A_2025"]
[Site "Ulyanovsk"]
[Date "2025.01.07"]
[Round "6.2"]
[White "Alachihin, Vladimir"]
[Black "Beldyugin, Alexey"]
[Result "1-0"]
[WhiteElo "2322"]
[BlackElo "2186"]
[PlyCount "67"]
[EventDate "2025.01.07"]

1. d4 Nf6 2. Nf3 d6 3. g3 g6 4. Bg2 Bg7 5. O-O O-O 6. c4 Nbd7 7. Nc3 e5 8. e4
c6 9. Qc2 Qc7 10. Rd1 Nb6 11. b3 Bg4 12. Be3 Rad8 13. h3 Bxf3 14. Bxf3 Rfe8 15.
Bg2 Nbd7 16. Rac1 Nh5 17. d5 c5 18. b4 a6 19. bxc5 Nxc5 20. Na4 b6 21. Rb1 Rb8
22. Nxc5 bxc5 23. Qa4 Qa7 24. Rb3 Re7 25. Rdb1 Reb7 26. Qc6 Rxb3 27. Rxb3 Bf8
28. Rxb8 Qxb8 29. Qxa6 Qb1+ 30. Kh2 Nf6 31. a4 Nd7 32. Qc8 Nb6 33. Qd8 Qb4 34.
a5 1-0

[Event "Region_73_A_2025"]
[Site "Ulyanovsk"]
[Date "2025.01.07"]
[Round "6.3"]
[White "Tuturin, Sergey"]
[Black "Markelov, Aleksey"]
[Result "1/2-1/2"]
[WhiteElo "2181"]
[BlackElo "1835"]
[PlyCount "64"]
[EventDate "2025.01.04"]

1. d4 Nf6 2. Bg5 d5 3. Bxf6 exf6 4. e3 Bd6 5. Bd3 O-O 6. Qf3 Be6 7. Nd2 Nc6 8.
c3 a6 9. Ne2 b5 10. g4 Na5 11. h4 Nc4 12. Nxc4 bxc4 13. Bc2 Qd7 14. Rg1 c6 15.
Kd2 a5 16. Ng3 Bxg3 17. Qxg3 a4 18. f4 Qe7 19. b4 axb3 20. axb3 cxb3 21. Bxb3
Rxa1 22. Rxa1 f5 23. Bc2 Qd7 24. g5 c5 25. Qe1 Rc8 26. Qb1 g6 27. Qb6 cxd4 28.
cxd4 Qe7 29. Ra7 Qf8 30. Rc7 Rb8 31. Rb7 Rc8 32. Rc7 Rb8 1/2-1/2

[Event "Region_73_A_2025"]
[Site "Ulyanovsk"]
[Date "2025.01.07"]
[Round "6.4"]
[White "Olisov, Andrey"]
[Black "Pavlovski, Yaroslav"]
[Result "1/2-1/2"]
[WhiteElo "2217"]
[BlackElo "2191"]
[PlyCount "109"]
[EventDate "2025.01.07"]

1. e4 e6 2. d4 d5 3. Nc3 Bb4 4. exd5 exd5 5. Bd3 Ne7 6. Nf3 Bf5 7. O-O Nbc6 8.
Ne2 Bd6 9. Bxf5 Nxf5 10. Qd3 Qd7 11. c3 f6 12. Bf4 g5 13. Bxd6 Nxd6 14. Ng3
O-O-O 15. Rfe1 h5 16. h4 Rdg8 17. hxg5 h4 18. Nf1 fxg5 19. Ne5 Nxe5 20. dxe5
Ne4 21. Rad1 Rd8 22. f3 Nc5 23. Qe3 Qe7 24. b4 Na4 25. Qxa7 Nxc3 26. e6 c6 27.
Qa8+ Kc7 28. Qa5+ Kb8 29. Rd3 Nb5 30. a4 Nc7 31. b5 Qc5+ 32. Kh1 h3 33. Qd2
hxg2+ 34. Kxg2 cxb5 35. axb5 Qxb5 36. e7 Rde8 37. Ng3 Qd7 38. Rh1 Rxh1 39. Nxh1
g4 40. f4 Qxe7 41. Nf2 Qh4 42. Rg3 Rg8 43. Qd4 Qh5 44. Qf6 Qe8 45. Rxg4 Rxg4+
46. Nxg4 Qe4+ 47. Kg3 Qe1+ 48. Kg2 Ne6 49. Ne5 Qe4+ 50. Kg3 Qe3+ 51. Nf3 Qxf4+
52. Qxf4+ Nxf4 53. Kxf4 Kc7 54. Ke5 Kc6 55. Kd4 1/2-1/2

[Event "Region_73_A_2025"]
[Site "Ulyanovsk"]
[Date "2025.01.08"]
[Round "7.1"]
[White "Pavlovski, Yaroslav"]
[Black "Mirzaev, Aziz"]
[Result "1/2-1/2"]
[WhiteElo "2191"]
[BlackElo "2387"]
[PlyCount "78"]
[EventDate "2025.01.08"]

1. e4 Nc6 2. Nf3 d6 3. Nc3 Nf6 4. d4 e5 5. Bb5 Bd7 6. O-O exd4 7. Nxd4 Be7 8.
Bxc6 bxc6 9. Qf3 c5 10. Nf5 Bxf5 11. Qxf5 Qd7 12. Qf3 Qg4 13. Qd3 O-O 14. h3
Qe6 15. Bg5 c6 16. Qa6 Rfc8 17. Rfe1 h6 18. Bh4 Bf8 19. Rad1 Nh5 20. Qe2 g6 21.
g4 Nf4 22. Qf3 g5 23. Bg3 Nxh3+ 24. Kg2 Nf4+ 25. Bxf4 gxf4 26. Qxf4 Rab8 27. b3
Rb4 28. a3 Rd4 29. Rxd4 cxd4 30. Ne2 Bg7 31. Rh1 d5 32. Ng3 Rb8 33. exd5 Qxd5+
34. Qf3 Qc5 35. Nf5 Re8 36. Qd3 Qd5+ 37. Qf3 Qc5 38. Qd3 Qd5+ 39. Qf3 Qc5
1/2-1/2